000 00399 a2200169 4500
001 74618
020 _a9788538011491
040 _cAnchieta - Colégio São Paulo
100 _aMalek, Renata Costa Zanin
240 1 0 _aA árvore de Cíntia
_lpor
245 1 0 _aA árvore de Cíntia
300 _a16
362 0 _a2010
440 1 _aCiranda Cultural
650 4 _aLiteratura infantil
942 _cBK
999 _c74618
_d74618